000 00713nam a2200253 i 4500
001 C2-0335486
003 PPAK
005 20180728134905.0
008 160113s2008 my a|||| ||||| | may d
020 _a9789833567355
040 _aPPAK
_beng
_cPPAK
_erda
082 0 4 _a899.233
_223
090 0 0 _a899.233
_bRAZ
_dK
100 0 _aRazlan Yusoff,
_eauthor
245 1 0 _aAwang dengan cincin hikmat
264 1 _aSelangor :
_bAnugerah publications ,
_c2008
300 _a22 pages :
_bcolour illustrations ;
_c21 cm
336 _2rdacontent
_atext
337 _2rdamedia
_aunmediated
338 _2rdacarrier
_avolume
500 _aIncludes glossary
650 1 0 _aChildren's stories, Malay.
942 _ddc
_cB
999 _c133656
_d133656